| 000 | 00520nam a2200169Ia 4500 | ||
|---|---|---|---|
| 008 | 240729s9999 xx 000 0 und d | ||
| 022 | _a2071-0771 | ||
| 245 | 0 | _aKoedoe: African Protected Area Conservation and Science | |
| 260 | _aSouth Africa | ||
| 260 | _bAOSIS | ||
| 650 | _a General. Including nature conservation, geographical distribution | ||
| 650 | _a Natural history (General) | ||
| 650 | _aScience | ||
| 856 | _uhttps://doaj.org/toc/c0ba84ca76904831a0a96bd946c4ba34 | ||
| 942 | _2ddc | ||
| 942 | _cDOAJEJ | ||
| 999 |
_c73842 _d73842 |
||
| 945 |
_a1 _bMadushi Gamage _c1 _dMadushi Gamage |
||